01434nam a2200361Ia 4500001001200000003000800012006001900020007001500039008004100054010001700095020001500112020001800127040002100145035002100166050002400187082002200211100002700233245012300260260006000383300002400443504005100467533015200518650003600670650003400706650003400740650003600774651003100810651004200841655002900883710001700912856012600929999001701055ebr10394939CaPaEBRm u cr cn|||||||||880229s1988 wiua sb s001 0 eng d z 87040368  z0299115607 z9780299115609 aCaPaEBRcCaPaEBR a(OCoLC)27831879114aHT1221b.M55 1988eb04a382/.44/094692191 aMiller, Joseph Calder.10aWay of deathh[electronic resource] :bmerchant capitalism and the Angolan slave trade, 1730-1830 /cJoseph C. Miller. aMadison, Wis. :bUniversity of Wisconsin Press,cc1988. axxx, 770 p. :bill. aIncludes bibliographical references and index. aElectronic reproduction.bPalo Alto, Calif. :cebrary,d2010.nAvailable via World Wide Web.nAccess may be limited to ebrary affiliated libraries. 0aSlave traderszAngolaxHistory. 0aSlave tradezAngolaxHistory. 0aSlave tradezBrazilxHistory. 0aSlave tradezPortugalxHistory. 0aBrazilxCommercexHistory. 0aPortugalxCommercial policyxHistory. 7aElectronic books.2local2 aebrary, Inc.40uhttp://site.ebrary.com/lib/rucke/Doc?id=10394939zAn electronic book accessible through the World Wide Web; click to view c88225d88225